|
|
|
|
| LEADER |
00000nab a2200000 a 4500 |
| 001 |
vtls000176414 |
| 003 |
SK-MaSNL |
| 005 |
20260311224829.0 |
| 008 |
250422c1983 xo 0 slo |
| 015 |
|
|
|a SNBRB19rr/mm-uuuuu
|
| 035 |
|
|
|a CL0186527
|
| 035 |
|
|
|a urn:nbn:sk:snk-ab7f9w
|
| 035 |
|
|
|a (urnnbn)urn:nbn:sk:snk:ar-005d4h
|
| 035 |
|
|
|a (uuid)94e46413-b2f2-4f28-8525-50295dcff5f8
|
| 040 |
|
|
|a SNKBUCL
|b slo
|c SNKBUCL
|e AACR2
|
| 041 |
0 |
|
|a ger
|
| 044 |
|
|
|a xo
|c SK
|
| 080 |
|
|
|a 615.832.1(437)
|2 1981
|
| 100 |
1 |
|
|a Matej, M.
|4 aut
|9 523896
|
| 245 |
1 |
0 |
|a Entwiklung der Sauna und ihre heutige Form in der Tschechoslowakei
|c M. Matej
|
| 650 |
0 |
7 |
|a fínske kúpele
|2 snkbucl
|9 2587
|
| 651 |
|
7 |
|a Československo
|2 snkbucl
|9 21376
|
| 655 |
|
7 |
|a články z novín a časopisov
|2 snkbucl
|9 267496
|
| 773 |
0 |
|
|t Rehabilitácia
|g Roč. 16, Suplementum 26-27 (1983), s. 27
|
| 850 |
|
|
|a Slovenská národná knižnica
|
| 852 |
|
|
|a Slovenská národná knižnica
|
| 954 |
|
|
|a odborná, vedecká literatúra cudzojazyčná (svetová)
|2 lita
|
| 958 |
|
|
|a article7
|
| 958 |
|
|
|a RK
|
| 958 |
|
|
|a MI
|
| 958 |
|
|
|a OND
|
| 958 |
|
|
|a EUIPO
|
| 992 |
|
|
|a RBX
|
| 999 |
|
|
|c 3262474
|d 3264404
|